[Event "Ch Croatia (team) (1st league) (a)"]
[Site "masterchessopen.com Sibenik (Croatia)"]
[Date "2008.09.02"]
[Round "6"]
[White "Komljenovic Davor (CRO)"]
[Black "Kurajica Bojan (CRO)"]
[Result "0-1"]
[WhiteElo "2428"]
[BlackElo "2540"]

1.d4 Nf6 2.c4 e6 3.Nc3 Bb4 4.Qc2 d6 5.a3 Bxc3+ 6.Qxc3 O-O 7.Nf3 Re8 8.b4 a5
9.Bb2 axb4 10.axb4 Rxa1+ 11.Bxa1 c6 12.e3 Na6 13.b5 cxb5 14.cxb5 Nc7 15.Be2
Bd7 16.O-O Bxb5 17.Bxb5 Nxb5 18.Qb3 Qa5 19.Rc1 Ne4 20.h3 d5 21.Ne5 Qd2 22.Rf1
Qe2 23.Qb4 Nbd6 24.Bc3 Rc8 25.Qb6 f6 26.Bb4 Qb5 27.Qxb5 Nxb5 28.Nd3 Ned6
29.Rb1 Kf7 30.g4 Nc4 31.Bc5 Nbd6 32.Ra1 Rc7 33.Ra8 Nc8 34.Kg2 N4b6 35.Ra2 Nd7
36.Bb4 g5 37.Kg3 e5 38.dxe5 Nxe5 39.Nxe5+ fxe5 40.h4 Rc4 41.Rb2 h6 42.hxg5
hxg5 43.Bd2 Nd6 44.f3 Rc7 45.Ba5 Rd7 46.Rh2 Kg6 47.Bd2 Nc4 48.f4 exf4+ 49.exf4
gxf4+ 50.Bxf4 d4 51.Rh6+ Kg7 52.Rh1 d3 53.Rd1 b5 54.Bd2 Kg6 55.Kf3 Re7 56.Bf4
Rf7 57.Ke4 d2 58.Ra1 Rd7 59.Rd1 b4 60.Kf3 b3 61.Ke2 b2 62.Bg3 Na3 {#R} 0-1

[Event "Ch Spain (team) (Honor gr.2)"]
[Site "masterchessopen.com Sabadell (Spain)"]
[Date "2008.09.07"]
[Round "5"]
[White "Jerez Perez Alfonso (ESP)"]
[Black "Hracek Zbynek (CZE)"]
[Result "0-1"]
[WhiteElo "2414"]
[BlackElo "2613"]

1.d4 Nf6 2.c4 e6 3.Nc3 Bb4 4.Qc2 d6 5.e4 c5 6.e5 cxd4 7.exf6 dxc3 8.bxc3 Qxf6
9.cxb4 Qxa1 10.Nf3 Nc6 11.a3 Qf6 12.Bd3 Ne5 13.Nxe5 Qxe5+ 14.Be3 Qa1+ 15.Bc1
Qe5+ 16.Be3 h6 17.O-O O-O 18.Qd2 Qf6 19.Bb1 Rd8 20.f4 Qe7 21.Rf3 f5 22.Rg3 Bd7
23.Bd4 e5 24.Bc3 Kh7 25.Qe2 Re8 26.Re3 Qf7 27.fxe5 dxe5 28.Bxe5 Re7 29.c5 Rae8
30.Ba2 Qg6 31.g3 Qg4 32.Qb2 Qd1+ 33.Kf2 Bb5 {#R} 0-1

[Event "It (open) \"]
[Site "masterchessopen.com Bucharest (Romania)"]
[Date "2008.09.13"]
[Round "3"]
[White "Grigore George-Gabriel (ROM)"]
[Black "De Groote Ewoud (NED)"]
[Result "1-0"]
[WhiteElo "2519"]
[BlackElo "2208"]

1.d4 Nf6 2.c4 e6 3.Nc3 Bb4 4.Qc2 d6 5.Nf3 c5 6.e3 Nc6 7.a3 Bxc3+ 8.Qxc3 Ne4
9.Qc2 Qa5+ 10.Nd2 f5 11.dxc5 dxc5 12.Be2 O-O 13.O-O Nf6 14.b3 Qc7 15.Bb2 e5
16.f4 exf4 17.exf4 Qe7 18.Bf3 Qe3+ 19.Kh1 Rd8 20.Bxf6 Qxd2 21.Qxd2 Rxd2 22.Bc3
Rd3 23.Bd5+ Kf8 24.Rf3 Rxf3 25.Bxf3 Be6 26.Rd1 Kf7 27.Bxc6 bxc6 28.Be5 a6
29.Kg1 Ra7 30.Kf2 Rb7 31.Rd3 Rd7 32.Rg3 Kf8 33.Ke2 Bg8 34.Bc3 Rb7 35.Bd2 Bf7
36.Be3 Bh5+ 37.Kd2 Kf7 38.Bxc5 Rd7+ 39.Kc3 Bd1 40.Re3 Rb7 41.b4 Rd7 42.Re5 g6
43.Bd4 Re7 44.Rc5 {#r} 1-0

[Event "Ch Croatia (team) (1st league) (a)"]
[Site "masterchessopen.com Sibenik (Croatia)"]
[Date "2008.09.27"]
[Round "1"]
[White "Jankovic Alojzije (CRO)"]
[Black "Kurajica Bojan (CRO)"]
[Result "1/2-1/2"]
[WhiteElo "2548"]
[BlackElo "2540"]

1.d4 Nf6 2.c4 e6 3.Nc3 Bb4 4.Qc2 d6 5.e3 O-O 6.Bd3 c5 7.Ne2 Bxc3+ 8.Qxc3 b6
9.b3 Bb7 10.Bb2 Nbd7 11.Rd1 Qe7 12.d5 Ne5 13.Bb1 b5 14.f4 Ned7 15.Ng3 bxc4
16.bxc4 Nb6 17.Ba1 Rfe8 18.O-O exd5 19.Nf5 Qe6 20.Qe1 Nxc4 21.Qh4 Nxe3 22.Nxg7
Qg4 23.Qxg4 Nfxg4 24.Nxe8 Rxe8 25.Rfe1 d4 26.Bxd4 cxd4 27.Rxd4 Bxg2 28.Bf5 Nf6
29.Rxe3 Rxe3 30.Kxg2 Re2+ 31.Kf3 Rxa2 32.Rxd6 Kg7 33.h3 Ra4 34.Ke3 Ra5 35.Bd3
Ra4 36.Bf1 a5 37.Bg2 Rb4 38.Ra6 Rb3+ 39.Kd4 Rb4+ 40.Ke3 a4 41.Bf3 Rb3+ 42.Kf2
a3 43.Kg2 Rb2+ 44.Kg3 Rb3 45.Kg2 Rd3 46.Ra7 Nd7 47.Be2 Rd4 48.Kg3 Nc5 49.Rxa3
Ne4+ 50.Kf3 Nf6 51.h4 {#d} 1/2-1/2

[Event "Tournament (c)"]
[Site "masterchessopen.com Montigny le Bretonneux (France)"]
[Round "7"]
[White "Keraval Roignant Claude (FRA)"]
[Black "Grandjean Anthony (FRA)"]
[Result "1/2-1/2"]
[WhiteElo "1617"]
[BlackElo "1635"]

1.d4 Nf6 2.c4 e6 3.Nc3 Bb4 4.Qc2 d6 5.Nf3 c6 6.Bd2 Nbd7 7.a3 Ba5 8.e3 d5 9.Bd3
Bc7 10.O-O Ng4 {#d} 1/2-1/2

[Event "Ch Girona"]
[Site "masterchessopen.com Girona (Spain)"]
[Date "2008.11.02"]
[Round "5"]
[White "Alvarez Serra Jordi (ESP)"]
[Black "Pruja Ramirez De Cartagena Marc (ESP)"]
[Result "0-1"]
[WhiteElo "2047"]
[BlackElo "2131"]

1.d4 Nf6 2.c4 e6 3.Nc3 Bb4 4.Qc2 d6 5.a3 Bxc3+ 6.Qxc3 Ne4 7.Qc2 f5 8.e3 b6
9.Nh3 Bb7 10.f3 Nf6 11.b4 O-O 12.Bb2 Nbd7 13.c5 bxc5 14.bxc5 dxc5 15.dxc5 c6
16.Nf4 Qe7 17.Nd3 Nd5 18.Kf2 e5 19.Rc1 e4 20.Nb4 N7f6 21.Nxd5 Nxd5 22.Bc4 exf3
23.Bxd5+ cxd5 24.g3 Rae8 25.Bd4 Bc6 26.Kxf3 Qg5 27.Rhf1 Rxe3+ 28.Kg2 Re4
29.Qb2 Qg4 30.Rcd1 Re2+ {#R} 0-1

[Event "Ch France (team) (nat.1) 2008/09"]
[Site "masterchessopen.com France"]
[Date "2008.11.22"]
[Round "2"]
[White "Tripoteau Nicolas (FRA)"]
[Black "Winants Luc (BEL)"]
[Result "0-1"]
[WhiteElo "2361"]
[BlackElo "2516"]

1.d4 Nf6 2.c4 e6 3.Nc3 Bb4 4.Qc2 d6 5.Nf3 Nbd7 6.g4 h6 7.Rg1 b6 8.g5 hxg5
9.Nxg5 Qe7 10.Bg2 Rb8 11.Bd2 c5 12.O-O-O Bxc3 13.Qxc3 cxd4 14.Qxd4 e5 15.Qc3
Ba6 16.Kb1 Rc8 17.Qa3 Bxc4 18.Rc1 a5 19.Ne4 Nxe4 20.Bxe4 Ba6 21.Rxc8+ Bxc8
22.Rxg7 Nc5 23.Bc6+ Kf8 24.Rg1 Qf6 25.Qg3 Qg6+ 26.Kc1 Qxg3 27.hxg3 Be6 28.b3
d5 29.Bb5 Ke7 30.f4 f6 31.g4 Ne4 32.g5 fxg5 33.fxe5 g4 34.Be1 Bf5 35.Bd3 Ke6
36.Bxe4 dxe4 37.Bg3 e3 38.Bf4 Rc8+ 39.Kd1 Bc2+ 40.Ke1 Rc3 41.Rg3 Bxb3 42.Rxe3
Rc1+ 43.Kf2 Bxa2 44.Ra3 Rc2 45.Be3 b5 46.Rxa5 Bc4 47.Bd4 Kd5 48.Ba1 Rxe2+
49.Kg3 Re4 50.Ra8 Kc5 51.Ra7 Be6 52.Ra6 Re3+ 53.Kf2 Rf3+ 54.Kg1 Bd5 55.e6 Re3
56.Kf2 Rxe6 57.Ra7 Re4 58.Kg3 Be6 59.Rg7 b4 60.Bf6 Kd5 61.Rb7 Kc6 62.Rb8 b3
63.Bb2 Kc5 64.Rb7 Kc4 65.Rc7+ Kd3 66.Rc3+ Ke2 67.Bc1 Kd1 68.Bb2 Kd2 69.Rc6 Bc4
70.Bg7 Ke2 71.Bb2 Be6 72.Bc1 Kd1 73.Bb2 Re3+ 74.Kf4 Rf3+ 75.Ke5 Bf5 76.Rc1+
Kd2 77.Rg1 g3 78.Rg2+ Kd3 79.Bc1 Bh3 {#R} 0-1

[Event "Ch Vietnam (masters)"]
[Site "masterchessopen.com Dong Thap (Vietnam)"]
[Round "3"]
[White "Tran Manh Tien Vie (213)"]
[Black "Tran Thanh Tu (VIE)"]
[Result "1-0"]
[WhiteElo "2159"]
[BlackElo "2267"]

1.d4 Nf6 2.c4 e6 3.Nc3 Bb4 4.Qc2 d6 5.a3 Bxc3+ 6.Qxc3 Nbd7 7.g3 Qe7 8.Bg2 e5
9.d5 O-O 10.e4 Nc5 11.f3 a5 12.Be3 a4 13.Bxc5 dxc5 14.Ne2 Ne8 15.Nc1 b6 16.Nd3
f6 17.f4 exf4 18.e5 Nd6 19.O-O fxe5 20.Nxe5 fxg3 21.Nc6 gxh2+ 22.Kh1 Rxf1+
23.Rxf1 Qh4 24.Qg3 g5 25.Qe5 Nf5 26.Rxf5 Bxf5 {#r} 1-0

[Event "Ch Europe (active)"]
[Site "masterchessopen.com Warsaw (Poland)"]
[Date "2008.12.20"]
[Round "8"]
[White "Olszewski Michal (POL)"]
[Black "Moranda Wojciech (POL)"]
[Result "0-1"]
[WhiteElo "2498"]
[BlackElo "2536"]

1.d4 Nf6 2.c4 e6 3.Nc3 Bb4 4.Qc2 d6 5.e4 O-O 6.Bd3 e5 7.a3 exd4 8.axb4 dxc3
9.bxc3 Nc6 10.Nf3 Bg4 11.Nd4 Ne5 12.f3 c5 13.fxg4 cxd4 14.cxd4 Nxd3+ 15.Qxd3
Nxe4 16.O-O Re8 17.Re1 d5 18.cxd5 Qxd5 19.Ra5 Qc6 20.Re5 Nf6 21.Bg5 Nxg4
22.Rxe8+ Rxe8 23.Rxe8+ Qxe8 24.Qg3 h6 25.h3 hxg5 26.hxg4 Qc8 27.Qe3 Qxg4
28.Qe5 Qf4 29.Qc5 b6 30.Qc3 g4 31.g3 Qe4 32.b5 Qb1+ 33.Kf2 Qxb5 34.Qc8+ Kh7
35.Qxg4 Qd5 36.Ke3 Qe6+ {#R} 0-1

[Event "Ch Udmurtia"]
[Site "masterchessopen.com Izhevsk (Russia)"]
[Date "2008.12.21"]
[Round "11"]
[White "Nesterov Alexander (RUS)"]
[Black "Nelyubin Grigory (RUS)"]
[Result "1-0"]
[WhiteElo "2366"]
[BlackElo "2065"]

1.d4 Nf6 2.c4 e6 3.Nc3 Bb4 4.Qc2 d6 5.Bg5 Nbd7 6.e3 b6 7.Bd3 Bb7 8.f3 h6 9.Bh4
Bxc3+ 10.Qxc3 e5 11.Qc2 Qe7 12.d5 g5 13.Bg3 e4 14.Bxe4 Nxe4 15.fxe4 O-O-O
16.Nf3 Rde8 17.e5 dxe5 18.e4 h5 19.h4 f6 20.O-O-O g4 21.Nd2 Kb8 22.Rhf1 Rhf8
23.Rf5 Bc8 24.Rf2 Nc5 25.b4 Nb7 26.Qb2 Bd7 27.Rdf1 c5 28.a3 Rc8 29.Rxf6 Ka8
30.Qxe5 {#r} 1-0

[Event "It (open)"]
[Site "masterchessopen.com Zurich (Switzerland)"]
[Date "2008.12.27"]
[Round "2"]
[White "Hasenohr Benedict (SUI)"]
[Black "Knoedler Dieter (GER)"]
[Result "0-1"]
[WhiteElo "2008"]
[BlackElo "2386"]

1.d4 e6 2.c4 Nf6 3.Nc3 Bb4 4.Qc2 d6 5.e4 O-O 6.Bd3 e5 7.a3 Bxc3+ 8.bxc3 Nc6
9.Ne2 b6 10.O-O Ba6 11.f4 Nd7 12.fxe5 dxe5 13.Rf3 Na5 14.Rg3 Kh8 15.Rh3 Bxc4
16.Bxc4 Nxc4 17.Qd3 Nd6 18.Qf3 Re8 19.Ng3 Qf6 20.Qd1 exd4 21.Nh5 Qg6 22.Bf4
Nxe4 23.Qxd4 Ndc5 24.Be5 f6 25.Bxc7 Ng5 26.Qg4 Nxh3+ 27.Qxh3 Rac8 28.Bd6 Ne4
{#R} 0-1

[Event "Ch Russia (juniors) (under 12) (g) (1 league)"]
[Site "masterchessopen.com Dagomys (Russia)"]
[Round "8"]
[White "Anikina Maria (RUS)"]
[Black "Ochneva Inga (RUS)"]
[Result "1-0"]
[WhiteElo "1937"]
[BlackElo "1810"]

1.d4 Nf6 2.c4 e6 3.Nc3 Bb4 4.Qc2 d6 5.Bg5 h6 6.Bxf6 Qxf6 7.e3 c5 8.d5 exd5
9.cxd5 O-O 10.Nf3 b6 11.Be2 Bb7 12.e4 Nd7 13.O-O Bxc3 14.Qxc3 Qxc3 15.bxc3 Nf6
16.Nd2 Rfe8 17.f3 Nd7 18.Rad1 Ne5 19.Nc4 Ba6 20.Nxe5 Bxe2 21.Nc6 Bxd1 22.Rxd1
f6 23.c4 Kf7 24.g4 a6 25.a4 g6 26.Kf2 Rh8 27.h4 h5 28.g5 fxg5 29.hxg5 h4
30.Kg2 h3+ 31.Kh2 Rae8 32.Re1 Rh4 33.Re3 Rh5 34.f4 Rh4 35.e5 dxe5 36.fxe5 Rxc4
37.e6+ Kg7 38.d6 Rc2+ 39.Kxh3 Rd2 40.d7 Rxd7 41.exd7 Rxe3+ 42.Kg4 Rd3 43.d8=Q
Rxd8 44.Nxd8 c4 45.Nc6 b5 46.axb5 axb5 47.Nb4 Kf8 48.Kf4 Kf7 49.Ke5 Ke7
50.Nd5+ Kf7 51.Kd6 Kg7 52.Ke7 Kh7 53.Kf7 Kh8 54.Kxg6 Kg8 55.Kf6 Kf8 56.g6 {#r}
1-0

[Event "It (open)"]
[Site "masterchessopen.com Nis (Serbia)"]
[Date "2009.04.02"]
[Round "9"]
[White "Miljkovic Mihajlo (SRB)"]
[Black "Mitrovic Darko (SRB)"]
[Result "1-0"]
[WhiteElo "2274"]
[BlackElo "2343"]

1.d4 Nf6 2.c4 e6 3.Nc3 Bb4 4.Qc2 d6 5.a3 Bxc3+ 6.bxc3 O-O 7.e4 e5 8.Bd3 c5
9.Ne2 Nc6 10.O-O b6 11.f4 exd4 12.cxd4 cxd4 13.h3 Re8 14.Bb2 Bb7 15.Rae1 Qe7
16.Ng3 Qc7 17.Nf5 Rac8 18.Qf2 Na5 19.Bxd4 Bxe4 20.Nxg7 Bxd3 21.Nxe8 Nxe8
22.Qg3+ Bg6 23.f5 Qxc4 24.Ba1 Nb3 25.fxg6 hxg6 26.Bb2 d5 27.Rf4 d4 28.Qh4 Ng7
29.Ref1 Rf8 30.Qh6 Ne6 31.Rh4 {#r} 1-0

[Event "Ch France (team) (nat.1) 2008/09"]
[Site "masterchessopen.com France"]
[Date "2009.04.05"]
[Round "11"]
[White "Terrieux Kevin (FRA)"]
[Black "Winants Luc (BEL)"]
[Result "0-1"]
[WhiteElo "2442"]
[BlackElo "2536"]

1.d4 Nf6 2.c4 e6 3.Nc3 Bb4 4.Qc2 d6 5.Bd2 c5 6.a3 Bxc3 7.Bxc3 cxd4 8.Bxd4 e5
9.Bc3 Qc7 10.e3 O-O 11.Nf3 Na6 12.b4 Be6 13.Bb2 Rac8 14.Rc1 b5 15.c5 dxc5
16.Qb1 Qb7 17.Bxe5 cxb4 18.Rxc8 Rxc8 19.Bxf6 gxf6 20.axb4 Qc6 21.Bd3 Qc3+
22.Ke2 Bc4 23.Nd4 Nxb4 24.Bxc4 Qxc4+ 25.Kf3 Nc6 26.Rd1 Qd5+ 27.Ke2 Nxd4+
28.Rxd4 Qh5+ 29.f3 Qc5 30.Rd2 a5 31.Kf2 Qc3 32.Qd1 b4 33.f4 Re8 34.Re2 Qc6
35.Qd4 b3 36.e4 a4 37.Re3 Rc8 38.Kg3 Qc5 39.Qd2 b2 {#R} 0-1

[Event "Ch Russia (juniors) (under 16) (1 league)"]
[Site "masterchessopen.com Dagomys (Russia)"]
[Date "2009.04.20"]
[Round "6"]
[White "Ulyankin Igor (RUS)"]
[Black "Asarkhinov Badma (RUS)"]
[Result "0-1"]
[WhiteElo "1830"]
[BlackElo "1909"]

1.d4 Nf6 2.c4 e6 3.Nc3 Bb4 4.Qc2 d6 5.Nf3 Nbd7 6.g3 O-O 7.Bg2 Bxc3+ 8.bxc3 Re8
9.O-O e5 10.Ne1 c6 11.Ba3 Nb6 12.dxe5 Rxe5 13.e4 Nxc4 14.Bc1 Re8 15.Bg5 h6
16.Bxf6 Qxf6 17.Nd3 Bg4 18.Rae1 Bf3 19.Nf4 Bxg2 20.Kxg2 b5 21.Nd3 Qd8 22.f4
Qb6 23.Rf3 Re7 24.f5 Rae8 25.Nf2 f6 26.Rd3 d5 27.Qb3 a5 28.a3 Qc5 29.Rd4 a4
30.Qa2 Qxa3 31.Qxa3 Nxa3 32.Re2 Nc4 33.Kf3 a3 34.Ra2 h5 35.exd5 Re3+ 36.Kg2 c5
37.Rd3 b4 38.cxb4 cxb4 39.d6 Rd8 {#R} 0-1

[Event "It (open)"]
[Site "masterchessopen.com La Laguna (Spain)"]
[Date "2009.05.09"]
[Round "7"]
[White "Pinto Henriquez Rodrigo (ESP)"]
[Black "Kurajica Bojan (CRO)"]
[Result "0-1"]
[WhiteElo "2219"]
[BlackElo "2524"]

1.d4 Nf6 2.c4 e6 3.Nc3 Bb4 4.Qc2 d6 5.a3 Bxc3+ 6.Qxc3 O-O 7.Bg5 Re8 8.e3 e5
9.dxe5 dxe5 10.Nf3 Qe7 11.Rd1 Nbd7 12.Nd2 h6 13.Bh4 b6 14.Qc2 Bb7 15.f3 e4
16.f4 Nc5 17.Be2 Nd3+ 18.Kf1 Ng4 {#R} 0-1

[Event "Zt"]
[Site "masterchessopen.com Tashkent (Uzbekistan)"]
[Date "2009.06.22"]
[Round "8"]
[White "Tologontegin Semetey (KGZ)"]
[Black "Kvon Andrey (UZB)"]
[Result "1/2-1/2"]
[WhiteElo "2367"]
[BlackElo "2425"]

1.d4 Nf6 2.c4 e6 3.Nc3 Bb4 4.Qc2 d6 5.Bd2 O-O 6.a3 Bxc3 7.Bxc3 Nc6 8.e4 e5
9.d5 Nb8 10.Bd3 Nh5 11.Ne2 Qg5 12.O-O f5 13.f4 exf4 14.Bd2 fxe4 15.Bxe4 Qh6
16.Nxf4 Nxf4 17.Bxf4 Rxf4 18.Bxh7+ Kh8 19.Rxf4 Qxf4 20.Re1 Qd4+ 21.Kh1 Bd7
22.Qg6 Qf6 23.Qxf6 gxf6 24.Re7 Ba4 25.Rxc7 Na6 26.Rxb7 Nc5 27.Rf7 Bb3 28.Bf5
Re8 29.h3 Re5 30.Rxf6 Bxc4 31.b4 Na4 32.Bd7 Nb6 33.Rxd6 Bxd5 34.Be6 Bxe6
35.Rc6 Re3 36.a4 Nxa4 37.Ra6 Nb6 38.Rxa7 Rb3 39.Rb7 Rxb4 {#d} 1/2-1/2

[Event "It (open)"]
[Site "masterchessopen.com Izmir (Turkey)"]
[Date "2009.08.24"]
[Round "4"]
[White "Chigladze Iveri (GEO)"]
[Black "Grigoriev Armen (GEO)"]
[Result "1-0"]
[WhiteElo "2418"]
[BlackElo "2286"]

1.d4 Nf6 2.c4 e6 3.Nc3 Bb4 4.Qc2 d6 5.a3 Bxc3+ 6.Qxc3 Nc6 7.g3 e5 8.dxe5 Nxe5
9.Bg2 O-O 10.Nf3 Qe7 11.O-O h6 12.b4 Re8 13.Bb2 a5 14.Nd2 Qf8 15.Rae1 axb4
16.axb4 c6 17.e4 Ra2 18.Re3 Be6 19.c5 Nfg4 20.Re2 dxc5 21.bxc5 Nd3 22.Qxd3
Rxb2 23.Qc3 Rb5 24.Rc1 Nf6 25.e5 Nd5 26.Bxd5 Bxd5 27.Ne4 Ra8 28.Nd6 Rb3 29.Qd4
Raa3 30.Rb2 Qa8 31.Rxb3 Rxb3 32.Nf5 Bf3 33.e6 f6 34.e7 Kh7 35.Qf4 Qe8 36.Re1
Bd5 37.Nd6 Qxe7 38.Qf5+ {#r} 1-0

[Event "Ch Russia (Higher League)"]
[Site "masterchessopen.com Ulan Ude (Russia)"]
[Date "2009.09.09"]
[Round "7"]
[White "Vitiugov Nikita (RUS)"]
[Black "Yemelin Vasily (RUS)"]
[Result "1-0"]
[WhiteElo "2681"]
[BlackElo "2588"]

1.d4 Nf6 2.c4 e6 3.Nc3 Bb4 4.Qc2 d6 5.a3 Bxc3+ 6.Qxc3 O-O 7.f3 c5 8.dxc5 dxc5
9.Bf4 Nc6 10.Rd1 Qa5 11.Qxa5 Nxa5 12.e4 Re8 13.Bc7 b6 14.b4 cxb4 15.axb4 Nc6
16.b5 Ne7 17.Ne2 Ng6 18.Nc3 Bb7 19.Be2 Rec8 20.Bd6 Nd7 21.Kf2 f6 22.h4 Nge5
23.Bb4 Nc5 24.Rd6 Ned7 25.Rhd1 Nf8 26.g3 Rc7 27.Ke3 Kf7 28.f4 Re8 29.Ra1 Bc8
30.g4 Ree7 31.g5 Red7 32.Rxd7+ Nfxd7 33.gxf6 gxf6 34.Bh5+ Kf8 35.Ne2 Kg7
36.Rg1+ Kh6 37.Bf3 f5 38.Bc3 Nf8 39.Rg8 Ng6 40.Bf6 {#r} 1-0

[Event "It (cat.3)"]
[Site "masterchessopen.com Edinburgh (Scotland)"]
[Date "2009.09.13"]
[Round "2"]
[White "Berry Neil (SCO)"]
[Black "Eggleston David (ENG)"]
[Result "1-0"]
[WhiteElo "2313"]
[BlackElo "2341"]

1.d4 Nf6 2.c4 e6 3.Nc3 Bb4 4.Qc2 d6 5.Nf3 Nbd7 6.g3 O-O 7.Bg2 c5 8.O-O cxd4
9.Nxd4 Nc5 10.Bd2 e5 11.Nf5 Be6 12.Ne3 a5 13.Rfd1 Qb6 14.Ncd5 Bxd5 15.Nxd5
Nxd5 16.Bxd5 Bxd2 17.Rxd2 Kh8 18.Qf5 f6 19.e3 g6 20.Qc2 f5 21.Rad1 Rf6 22.Bg2
g5 23.Rd5 Re8 24.Qd2 Ree6 25.b3 Qc7 26.Qc3 g4 27.a3 Qf7 28.Qxa5 Ne4 29.Bxe4
fxe4 30.R1d2 Qh5 31.Qd8+ Kg7 32.Rxd6 Rh6 33.Rd7+ Kg6 34.Qg8+ Kf5 35.Qf7+ Ref6
36.Qxh5+ Rxh5 37.R2d6 {#r} 1-0

[Event "Ch Poland (team) (1 liga)"]
[Site "masterchessopen.com Ustron (Poland)"]
[Date "2009.09.16"]
[Round "5"]
[White "Cajbel Maciej (POL)"]
[Black "Ksieski Zbigniew (POL)"]
[Result "0-1"]
[WhiteElo "2225"]
[BlackElo "2365"]

1.d4 Nf6 2.c4 e6 3.Nc3 Bb4 4.Qc2 d6 5.a3 Bxc3+ 6.Qxc3 c5 7.Bg5 h6 8.Bxf6 Qxf6
9.e3 cxd4 10.exd4 O-O 11.Nf3 b6 12.Be2 Ba6 13.Qd2 e5 14.dxe5 dxe5 15.O-O Nc6
16.Qc2 Rfe8 17.Bd3 Rac8 18.b4 Bb7 19.Rac1 Nxb4 20.axb4 e4 21.Ne1 exd3 22.Qxd3
a5 23.bxa5 bxa5 24.Qc3 Qf4 25.Nd3 Qg5 26.f3 Re2 27.Rf2 Bxf3 28.Ne1 Rxf2
29.Kxf2 Bc6 30.Nf3 Bxf3 31.gxf3 Rd8 32.Rc2 Rd1 33.Ke2 Qg1 34.h4 Rf1 35.Qd2
Rf2+ {#R} 0-1

[Event "Memorial Boskovic"]
[Site "masterchessopen.com Belgrade (Serbia)"]
[Date "2009.09.30"]
[Round "5"]
[White "Ivanisevic Ivan (SRB)"]
[Black "Mijailovic Zoran (SRB)"]
[Result "1/2-1/2"]
[WhiteElo "2629"]
[BlackElo "2400"]

1.d4 Nf6 2.c4 e6 3.Nc3 Bb4 4.Qc2 d6 5.Nf3 Nbd7 6.g3 b6 7.Bg2 Bb7 8.O-O Bxc3
9.Qxc3 O-O 10.b3 Qe7 11.Bb2 c5 12.Rad1 Be4 13.Bh3 Rfe8 14.Nh4 d5 15.dxc5 Nxc5
16.f3 Bg6 17.cxd5 exd5 18.Ng2 Qxe2 19.Nf4 Qe3+ 20.Qxe3 Rxe3 21.Bd4 Ree8
22.Bxf6 gxf6 23.b4 Na4 24.Bd7 Nc3 25.Bxe8 Nxd1 26.Bc6 Rc8 27.Nxd5 Kg7 28.Rxd1
Rxc6 29.Rd2 Bf5 30.Kf2 Be6 31.Nf4 a5 32.bxa5 bxa5 33.g4 Rc3 34.Rd8 h6 35.h4
Bxa2 36.Nh5+ Kh7 37.Nxf6+ Kg7 38.Nh5+ Kh7 39.Rd6 Bb3 40.Ra6 a4 41.Nf6+ Kg7
42.Ne4 Rc2+ 43.Kg3 Ra2 44.h5 a3 45.g5 Be6 46.g6 Ra1 47.Nc3 a2 48.Kf4 Rh1
49.Nxa2 Bxa2 50.Rxa2 Rxh5 {#d} 1/2-1/2

[Event "Ch World (juniors) (under 14) (g)"]
[Site "masterchessopen.com Kemer (Turkey)"]
[Date "2009.11.16"]
[Round "5"]
[White "Baekelant Eva (BEL)"]
[Black "Soyunlu Narmin (AZE)"]
[Result "1-0"]
[WhiteElo "1921"]
[BlackElo "1772"]

1.d4 e6 2.c4 Nf6 3.Nc3 Bb4 4.Qc2 d6 5.e4 Nbd7 6.Bd3 O-O 7.Ne2 b6 8.O-O Bxc3
9.Nxc3 Bb7 10.Bg5 e5 11.d5 h6 12.Bh4 Nc5 13.b4 Nxd3 14.Qxd3 g5 15.Bg3 Nh5
16.Ne2 Nf4 17.Bxf4 gxf4 18.g3 Qg5 19.Kh1 f3 20.Qxf3 f5 21.Qd3 fxe4 22.Qxe4
Rae8 23.f3 h5 24.h4 Qh6 25.Nc3 Kh8 26.Nb5 Qg7 27.Rg1 a6 28.Nc3 Qd7 29.Kg2 Qg7
30.Kf2 Qh6 31.Ke2 Re7 32.Raf1 Bc8 33.Qe3 Qxe3+ 34.Kxe3 e4 35.fxe4 Rxf1 36.Rxf1
{#r} 1-0

[Event "Match \"]
[Site "masterchessopen.com Marianske Lazne (Czech Republic)"]
[Date "2009.12.01"]
[Round "4"]
[White "Koneru Humpy (IND)"]
[Black "Korchnoi Viktor (SUI)"]
[Result "1-0"]
[WhiteElo "2623"]
[BlackElo "2561"]

1.d4 Nf6 2.c4 e6 3.Nc3 Bb4 4.Qc2 d6 5.Nf3 c5 6.e3 Nc6 7.Bd2 O-O 8.a3 Bxc3
9.Bxc3 cxd4 10.exd4 d5 11.c5 a5 12.Bd3 a4 13.O-O h6 14.Ne5 Nxe5 15.dxe5 Nd7
16.Bd4 Nb8 17.f4 Nc6 18.Bf2 Bd7 19.Qe2 Qe7 20.Bc2 f5 21.exf6 Qxf6 22.Rad1 Be8
23.f5 Qxb2 24.fxe6 Bg6 25.e7 Nxe7 26.Qe6+ Kh7 27.Bxg6+ Nxg6 28.Rb1 Qd2 29.Rbd1
Qc2 30.Rc1 Qd3 31.Rfd1 Qxa3 32.Qxd5 Rae8 33.Ra1 Qb2 34.Bd4 Qe2 35.Qxb7 Re7
36.Qb2 Qxb2 37.Bxb2 Re2 38.Bd4 Nh4 39.Rxa4 Rxg2+ 40.Kh1 Rf7 {#r} 1-0

[Event "Ch Europe (active)"]
[Site "masterchessopen.com Warsaw (Poland)"]
[Date "2009.12.20"]
[Round "10"]
[White "Radziewicz Iweta (POL)"]
[Black "Yemelin Vasily (RUS)"]
[Result "1-0"]
[WhiteElo "2448"]
[BlackElo "2588"]

1.d4 Nf6 2.c4 e6 3.Nc3 Bb4 4.Qc2 d6 5.g3 O-O 6.Bg2 e5 7.d5 c6 8.a3 Bxc3+
9.Qxc3 cxd5 10.cxd5 Bf5 11.Bg5 Nbd7 12.Qb4 h6 13.Bxf6 Nxf6 14.e4 a5 15.Qc4 Rc8
16.Qd3 Bd7 17.Ne2 Qb6 18.Qd2 Qb3 19.Nc3 Bb5 20.f3 Bc4 21.Bh3 Rc7 22.Kf2 Nd7
23.Bxd7 Rxd7 24.g4 b5 25.Rhc1 b4 26.Nd1 Bb5 27.Ne3 Kh7 28.h4 Rb8 29.axb4 axb4
30.h5 f6 31.Ra5 Bd3 32.Rc6 Bb5 33.Qc2 Qxc2+ 34.Rxc2 Rbb7 35.Rc8 {#r} 1-0

[Event "Ch Region (seniors)"]
[Site "masterchessopen.com Lipetsk (Russia)"]
[Date "2010.03.13"]
[Round "5"]
[White "Kasantsev Anatolij B (RUS)"]
[Black "Shishkin Lev (RUS)"]
[Result "0-1"]
[WhiteElo "2081"]
[BlackElo "2069"]

1.d4 Nf6 2.c4 e6 3.Nc3 Bb4 4.Qc2 d6 5.Bg5 Nbd7 6.a3 Bxc3+ 7.Qxc3 h6 8.Bh4 O-O
9.f3 b6 10.e4 e5 11.d5 Re8 12.Qc2 Nf8 13.Ne2 Ng6 14.Bf2 a5 15.g4 Nd7 16.h4 Qf6
17.Qc3 Nf4 18.Rg1 Nc5 19.g5 Nfd3+ 20.Kd2 Qg6 21.Be3 hxg5 22.Bxg5 Qh7 23.Kc2 a4
24.Bf6 g6 25.Ng3 Nf4 26.h5 Nd7 27.hxg6 Qh2+ 28.Be2 Nxf6 29.Qe1 fxg6 30.Rh1 Qg2
31.Rg1 Qh3 32.Rh1 Qd7 33.Qf2 Qg7 34.Nf5 Bxf5 35.exf5 Kf7 36.fxg6+ Qxg6+ 37.Kc3
Rh8 38.Rhg1 Nh3 39.Rxg6 Nxf2 40.Rag1 Rag8 41.Rxg8 Rxg8 42.Rxg8 Kxg8 43.Kb4 Kf7
44.Kxa4 Ke7 45.Kb5 {#R} 0-1

[Event "Ch Stuttgart (open)"]
[Site "masterchessopen.com Ditzingen (Germany)"]
[Date "2010.05.15"]
[Round "6"]
[White "Strunski Andreas (GER)"]
[Black "Ikonnikov Vyacheslav (RUS)"]
[Result "1/2-1/2"]
[WhiteElo "2373"]
[BlackElo "2571"]

1.d4 Nf6 2.c4 e6 3.Nc3 Bb4 4.Qc2 d6 5.Bg5 c5 6.dxc5 dxc5 7.a3 Qa5 8.Bd2 Nc6
9.e3 e5 10.Nf3 Bg4 11.Bd3 Bxc3 12.Bxc3 Qc7 13.Ng5 O-O-O 14.O-O Qd7 15.Be4 Nxe4
16.Nxe4 Bf5 17.Nd6+ Qxd6 18.Qxf5+ Qd7 19.Qxd7+ Rxd7 20.Rfd1 Rhd8 21.Rxd7 Rxd7
22.Kf1 f5 23.Ke2 a5 24.h3 Rd6 25.g4 fxg4 26.hxg4 Rg6 27.f3 e4 28.Rh1 h6 29.Rh4
a4 30.fxe4 Nd8 31.Kf3 Ne6 32.Rh5 Kd7 33.Rd5+ Ke7 34.Kg3 b5 35.Kh4 Nc7 36.Rf5
Ne8 37.e5 Rc6 38.Kg3 Nc7 39.Rf1 Ne6 40.Rd1 Ng5 41.Kf4 Nh3+ 42.Kg3 Ng5 43.Kf4
Nh3+ 44.Kg3 Ng5 45.Kf4 {#d} 1/2-1/2